000 00321nam a22001337a 4500
008 170808b xxu||||| |||| 00| 0 eng d
020 _a9780201874020
041 _aeng
080 _22ND
_a004
100 _a35
101 _aSHK
245 _aDATA ABSTRACTION AND PROBLEM SOLVING WITH C++
_cCARRANO,F,M
942 _2udc
_cBK
999 _c22921
_d22921